[Event "Stay Safe Play From Home 313"]
[Site "Emanuel Lasker Arena"]
[Date "2020.07.19"]
[Round "8"]
[White "Haxhi Baha"]
[Black "SoulofWolf"]
[Result "0-1"]
[WhiteElo "2010"]
[BlackElo "2188"]
[Annotator "TA"]
[PlyCount "62"]
[EventDate "2020.07.19"]
[EventType "swiss (blitz)"]

{[%evp 9,62,11,38,21,54,47,77,78,117,80,121,117,156,150,165,154,165,132,284,170,233,112,160,131,134,33,379,326,377,126,208,160,456,450,447,458,422,450,435,85,85,83,94,32,31,22,23,-339,101,0,0,0,46,43,70]} 1. e4 e5 2. f4 Nc6 3. Nf3 d6 4. d4 exd4 5. Nxd4 Bd7 6. Nc3 {[#] C30: King's Gambit Declined.} Be7 $146 ({Predecessor:} 6... Nge7 7. Ndb5 a6 8. Qxd6 axb5 9. Nxb5 Rc8 10. Bc4 Be6 11. Qxd8+ Kxd8 12. Be2 f5 {0-1 (32) Cristino,F (1985)-De Sa,E (1987) Campo Grande 2015}) 7. Be3 Bf6 8. Qd2 {White is better.} Nge7 9. O-O-O Ng6 10. g3 h5 11. Be2 Bxd4 12. Bxd4 f6 13. h4 Nce7 $2 {[#]} (13... Nge7 $16) 14. Be3 (14. e5 $142 $1 {[%mdl 512]} fxe5 (14... dxe5 15. fxe5) 15. fxe5) 14... Bc6 (14... a6 {is a better defense.} 15. Kb1 Qc8) 15. Nd5 (15. g4 $18 {is more deadly.}) 15... Qd7 16. Bf3 O-O-O 17. Bxa7 ({White should try} 17. Nb4 $16) 17... Rhe8 $2 {[%mdl 8192]} (17... Bxd5 $1 $14 18. exd5 b6) 18. Bf2 f5 19. Nxe7+ $2 (19. Qa5 $18 {[%cal Ra5a8] has better winning chances.} b6 20. Qa7 Nxd5 21. exd5) 19... Rxe7 (19... Nxe7 $16 20. Qa5 (20. Bxh5 g6 $16) 20... b6) 20. Rhe1 Rde8 $2 (20... Rh8 $16 21. Qb4 (21. Qa5 b6 $16) 21... fxe4 22. Bxe4 Bxe4) 21. Bxh5 $18 Qe6 22. exf5 Qxf5 23. g4 Qf6 {Now ...Rxe1 and Black clings on.} 24. Bxg6 $2 (24. Bd4 $18 Qxh4 25. Rxe7 (25. Bxg6 Rxe1 26. Bxe8 Rxe8 $14) 25... Rxe7 26. Bxg6 Qxg4 27. Rg1) 24... Qxg6 $16 25. g5 Qf7 26. Qa5 (26. Rxe7 $16 Rxe7 27. b3) 26... b6 $14 27. Qa6+ Bb7 28. Qb5 $2 {[%mdl 8192]} (28. Qd3 $11 {and White is okay.}) 28... Qxa2 $2 {[#]} ({Black should play} 28... Qxf4+ $19 29. Kb1 Qxf2 30. Qxe8+ Rxe8 31. Rxe8+ Kd7) 29. Rxe7 ({Of course not} 29. Qxe8+ $6 Rxe8 30. Rxe8+ Kd7 $11) (29. Qf5+ $1 $16 Re6 30. Rxe6 Qxe6 31. Qxe6+ Rxe6 32. Bd4) 29... Rxe7 $11 30. Kd2 Qe6 (30... Ba6 $5 31. Qf5+ $8 Kb7 $11) 31. Re1 Qd7 {[%mdl 32768] White really could win this. Accuracy: White = 38%, Black = 30%. . Loss on time!?} 0-1

[Event "Stay Safe Play From Home 313"]
[Site "Emanuel Lasker Arena"]
[Date "2020.07.19"]
[Round "8"]
[White "Buzaglo"]
[Black "NeatFox"]
[Result "1/2-1/2"]
[WhiteElo "1856"]
[BlackElo "1869"]
[Annotator "NA RC"]
[PlyCount "141"]
[EventDate "2020.07.19"]
[EventType "swiss (blitz)"]

1. d4 {[%emt 0:00:01]} c6 {[%emt 0:00:00]} 2. Nf3 {[%emt 0:00:00]} d5 {[%emt 0:00:00]} 3. g3 {[%emt 0:00:00]} g6 {[%emt 0:00:00]} 4. Bg2 {[%emt 0:00:00]} Bg7 {[%emt 0:00:00]} 5. Kf1 {[%emt 0:00:00]} Nf6 {[%emt 0:00:00]} 6. Bh3 {[%emt 0:00:01]} O-O {[%emt 0:00:00]} 7. Bxc8 {[%emt 0:00:01]} Qxc8 {[%emt 0:00:00]} 8. Kg2 {[%emt 0:00:00]} h5 {[%emt 0:00:02]} 9. Re1 {[%emt 0:00:00]} e6 {[%emt 0:00:01]} 10. Nbd2 {[%emt 0:00:02]} Nbd7 {[%emt 0:00:00]} 11. c4 {[%emt 0:00:00]} Ne4 {[%emt 0:00:00]} 12. cxd5 {[%emt 0:00:00]} exd5 {[%emt 0:00:00]} 13. Nxe4 {[%emt 0:00:01]} dxe4 {[%emt 0:00:00]} 14. Nd2 {[%emt 0:00:00]} f5 {[%emt 0:00:00]} 15. d5 {[%emt 0:00:01]} cxd5 {[%emt 0:00:02]} 16. Qb3 {[%emt 0:00:01]} Qc6 {[%emt 0:00:02]} 17. f3 {[%emt 0:00:03]} Kh7 {[%emt 0:00:02]} 18. fxe4 {[%emt 0:00:01]} fxe4 {[%emt 0:00:02]} 19. e3 {[%emt 0:00:00]} d4 {[%emt 0:00:02]} 20. Rf1 {[%emt 0:00:07]} dxe3 {[%emt 0:00:04]} 21. Rxf8 {[%emt 0:00:01]} Rxf8 {[%emt 0:00:02]} 22. Nc4 {[%emt 0:00:02]} e2 {[%emt 0:00:02]} 23. Be3 {[%emt 0:00:02]} Rf1 {[%emt 0:00:03]} 24. Rxf1 {[%emt 0:00:02]} exf1=Q+ {[%emt 0:00:00]} 25. Kxf1 {[%emt 0:00:00]} Ne5 {[%emt 0:00:02]} 26. Nxe5 {[%emt 0:00:04]} Bxe5 {[%emt 0:00:00]} 27. Ke2 {[%emt 0:00:01]} g5 {[%emt 0:00:03]} 28. Qf7+ {[%emt 0:00:01]} Bg7 {[%emt 0:00:01]} 29. Qxh5+ {[%emt 0:00:01]} Kg8 {[%emt 0:00:00]} 30. Bxg5 {[%emt 0:00:02]} Qc2+ {[%emt 0:00:01]} 31. Ke3 {[%emt 0:00:02]} Qd3+ {[%emt 0:00:02]} 32. Kf2 {[%emt 0:00:01]} Bd4+ {[%emt 0:00:03]} 33. Kg2 {[%emt 0:00:01]} Qc2+ {[%emt 0:00:03]} 34. Kh3 {[%emt 0:00:01]} Bg7 {[%emt 0:00:03]} 35. Qe8+ {[%emt 0:00:01]} Kh7 {[%emt 0:00:01]} 36. Qh5+ {[%emt 0:00:02]} Kg8 {[%emt 0:00:01]} 37. Qg4 {[%emt 0:00:01]} Qc6 {[%emt 0:00:01]} 38. Qf5 {[%emt 0:00:01]} Qe8 {[%emt 0:00:02]} 39. Bf4 {[%emt 0:00:02]} Qf7 {[%emt 0:00:02]} 40. Qc8+ {[%emt 0:00:02]} Kh7 {[%emt 0:00:01]} 41. Qg4 {[%emt 0:00:01]} Qg6 {[%emt 0:00:01]} 42. Qxg6+ {[%emt 0:00:01]} Kxg6 {[%emt 0:00:00]} 43. Kg4 {[%emt 0:00:00]} Bd4 {[%emt 0:00:00]} 44. Bd2 {[%emt 0:00:02]} e3 {[%emt 0:00:00]} 45. Be1 {[%emt 0:00:00]} e2 {[%emt 0:00:00]} 46. Kf3 {[%emt 0:00:00]} Bxb2 {[%emt 0:00:00]} 47. Kxe2 {[%emt 0:00:00]} Be5 {[%emt 0:00:00]} 48. a4 {[%emt 0:00:01]} Kf5 {[%emt 0:00:00]} 49. Kf3 {[%emt 0:00:00]} b6 {[%emt 0:00:00]} 50. h3 {[%emt 0:00:00]} a5 {[%emt 0:00:00]} 51. g4+ {[%emt 0:00:00]} Ke6 {[%emt 0:00:01]} 52. Bg3 {[%emt 0:00:00]} Bd4 {[%emt 0:00:01]} 53. h4 {[%emt 0:00:01]} b5 {[%emt 0:00:00]} 54. h5 {[%emt 0:00:00]} b4 {[%emt 0:00:01]} 55. Be1 {[%emt 0:00:01]} b3 {[%emt 0:00:00]} 56. Bd2 {[%emt 0:00:00]} b2 {[%emt 0:00:00]} 57. h6 {[%emt 0:00:03]} b1=Q {[%emt 0:00:00]} 58. h7 {[%emt 0:00:00]} Qxh7 {[%emt 0:00:00]} 59. Be3 {[%emt 0:00:00]} Qf7+ {[%emt 0:00:00]} 60. Kg2 {[%emt 0:00:01]} Bxe3 {[%emt 0:00:00]} 61. Kh3 {[%emt 0:00:01]} Qg6 {[%emt 0:00:00]} 62. Kh4 {[%emt 0:00:00]} Qg5+ {[%emt 0:00:00]} 63. Kg3 {[%emt 0:00:01]} Qf4+ {[%emt 0:00:00]} 64. Kg2 {[%emt 0:00:00]} Qxa4 {[%emt 0:00:00]} 65. Kh3 {[%emt 0:00:00]} Qxg4+ {[%emt 0:00:00]} 66. Kxg4 {[%emt 0:00:00]} a4 {[%emt 0:00:00]} 67. Kf3 {[%emt 0:00:00]} a3 {[%emt 0:00:00]} 68. Ke2 {[%emt 0:00:00]} a2 {[%emt 0:00:00]} 69. Kf3 {[%emt 0:00:00]} a1=Q {[%emt 0:00:00]} 70. Ke2 {[%emt 0:00:00]} Qc3 {[%emt 0:00:00]} 71. Kf3 {[%emt 0:00:00] (Lag: Av=0.56s, max=0.9s)} 1/2-1/2

[Event "Stay Safe Play From Home 313"]
[Site "Emanuel Lasker Arena"]
[Date "2020.07.19"]
[Round "8"]
[White "Trotsky"]
[Black "Bardellosport"]
[Result "0-1"]
[WhiteElo "1591"]
[BlackElo "2035"]
[Annotator "TA"]
[PlyCount "40"]
[EventDate "2020.07.19"]
[EventType "swiss (blitz)"]

{[%evp 9,39,0,0,-23,-29,-20,0,-31,51,9,32,-37,-25,-20,-18,-59,39,-358,-113,-535,-206,-598,-599,-591,-572,-841,-829,-1435,-1420,-3517,-3423,-29999]} 1. d4 d6 2. e3 f5 3. c4 Nf6 4. Nc3 g6 5. Bd3 Bg7 6. Qc2 {A85: Dutch Defence: 2 c4 Nf6 3 Nc3.} O-O 7. Nf3 Qe8 8. Bd2 {[#] The position is equal.} Qf7 $146 (8... e5 $15 9. Be2 e4) ({Predecessor:} 8... e5 9. dxe5 dxe5 10. e4 Nc6 11. a3 Nd4 12. Nxd4 exd4 13. Nd5 fxe4 14. Nxf6+ Rxf6 15. Bxe4 {0-1 (31) Kutlu,T (1601)-Aysoy,V (1875) Kemer 2014}) 9. O-O-O Nc6 10. a3 (10. Nd5 $14 e5 11. Ng5) 10... e5 $15 {[#] And now ...e4 would win.} 11. Ng5 Qe7 12. h4 e4 (12... exd4 $15 13. Nd5 Nxd5 14. cxd5 dxe3 15. Bxe3 Ne5) 13. h5 $2 {[%mdl 8192]} (13. Be2 $14 {keeps the upper hand.}) 13... h6 $2 ({Don't play} 13... Nxh5 14. Ngxe4 fxe4 15. Nxe4 $19) (13... exd3 $19 {has better winning chances.} 14. Qxd3 Bh6 15. hxg6 Bxg5) 14. hxg6 $2 {[%mdl 8192]} (14. Ngxe4 $17 fxe4 15. Nxe4) 14... hxg5 $2 (14... exd3 15. Qxd3 hxg5) 15. f3 $2 (15. Be2) 15... exd3 $19 16. Qxd3 Qe8 17. e4 Qxg6 18. exf5 Bxf5 19. Qe2 Nxd4 {[%cal Rd4b3] [#]} 20. Qf1 Nb3# {Accuracy: White = 14%, Black = 33%.} 0-1

[Event "Stay Safe Play From Home 313"]
[Site "Emanuel Lasker Arena"]
[Date "2020.07.19"]
[Round "9"]
[White "Bardellosport"]
[Black "SoulofWolf"]
[Result "1-0"]
[WhiteElo "2037"]
[BlackElo "2197"]
[Annotator "TA"]
[PlyCount "95"]
[EventDate "2020.07.19"]
[EventType "swiss (blitz)"]

{[%evp 13,95,-10,0,-24,-6,-24,29,15,30,35,48,45,62,55,51,38,91,64,176,60,343,352,351,351,346,355,397,364,369,325,339,335,393,297,307,248,247,254,252,212,232,185,195,196,233,202,255,114,120,108,137,150,199,130,257,202,359,227,368,181,352,273,349,297,413,393,506,484,925,414,929,868,3645,3468,3418,2760,29993,29994,29994,29995,29995,29996,29998,29999]} 1. d3 d5 2. Nf3 Nf6 3. g3 g6 4. Bg2 Bg7 5. O-O O-O 6. Nbd2 c5 7. e4 Nc6 8. Qe2 {A08: King's Indian Attack.} Qc7 9. c3 {[#]} Re8 $146 (9... e5 $142) ({Predecessor:} 9... dxe4 10. dxe4 b6 11. Rd1 a5 12. Nf1 Ba6 13. Qc2 Rfd8 14. Bf4 e5 15. Bg5 h6 16. Bxf6 Bxf6 17. Ne3 Ne7 18. Rxd8+ Rxd8 {0-1 (27) Uibokant,M (2076)-Peyrer,K (2322) Tallinn 2019}) 10. e5 $11 {White has an edge.} Ng4 {[%cal Rg4e5]} 11. d4 h5 12. h3 Nh6 13. Nb3 $36 {[%mdl 2048] White is pushing.} c4 14. Nbd2 b6 ({Black should try} 14... Bf5 $14) 15. Nh2 $16 Bd7 (15... Rd8 $14) 16. f4 (16. Bxd5 $18 {e6 is the strong threat.} Bxh3 17. Re1 (17. Qxc4 Rac8 $16) (17. Bxc4 Bxf1 18. Nhxf1 Nf5 $14)) 16... f5 $2 {[%mdl 8192]} (16... Bf5 $14) 17. Bxd5+ $18 {[%mdl 64] [#] Double Attack} Kh7 18. Bxc4 e6 19. Bd3 Rac8 20. Ndf3 Ne7 21. Ng5+ Kg8 22. Rf2 Nd5 23. Be3 Nf7 24. Kh1 Nxg5 25. fxg5 a5 26. Rg1 Ne7 27. g4 hxg4 28. hxg4 Rf8 29. gxf5 Nxf5 {Threatens to win with ...Bc6+.} 30. Bxf5 (30. Ng4 $18 {is more deadly.}) 30... exf5 31. Bf4 Bc6+ 32. Nf3 Qb7 33. Rgf1 (33. Kh2 $18) 33... Rce8 (33... Bd5 $16) 34. Kg1 Re6 $2 (34... b5 {was worth a try.} 35. b3 Qd7) 35. Rh2 Kf7 (35... Rd8 {is a better defense.} 36. Nd2 Qd7) 36. Qf2 (36. c4 $142) 36... Bb5 $2 (36... Bd5 37. Nd2 Rc6) 37. Re1 Bc6 38. Rh3 Be4 39. Nd2 Bd5 40. c4 Be4 (40... Bc6 $142 41. b3 Rfe8) 41. d5 (41. Nxe4 $142 fxe4 42. d5) 41... Ree8 (41... Bxd5 $142 42. cxd5 Qxd5) 42. e6+ Ke7 43. Nxe4 fxe4 44. Rxe4 {White threatens Rh7! and mate.} Qc7 45. d6+ {[%mdl 64] [#] Double Attack. White mates.} Kd8 46. dxc7+ Kc8 47. Qxb6 {[%csl Gc7,Gf4][%cal Rb6b8]} Bd4+ 48. Rxd4 {Accuracy: White = 46%, Black = 27%.} 1-0

[Event "Stay Safe Play From Home 313"]
[Site "Emanuel Lasker Arena"]
[Date "2020.07.19"]
[Round "9"]
[White "Tumnik_ad"]
[Black "Haxhi Baha"]
[Result "0-1"]
[WhiteElo "1949"]
[BlackElo "2001"]
[Annotator "TA"]
[PlyCount "66"]
[EventDate "2020.07.19"]
[EventType "swiss (blitz)"]

{[%evp 9,66,-74,-31,-33,-31,-51,-53,-71,-81,-98,-78,-67,-31,-60,14,0,69,-5,13,25,14,4,66,-68,-59,-55,-26,-27,11,-52,-44,-56,-46,-38,-41,-73,127,-46,-45,-90,-86,-84,-79,-132,-78,-76,-74,-150,-145,-214,-151,-165,-156,-146,-90,-169,-158,-170,-169]} 1. c3 d5 2. d3 c5 3. Nd2 e5 4. h3 Nf6 {[#]} 5. g4 $146 ({Predecessor:} 5. Ndf3 Nc6 6. Bg5 Be7 7. Qa4 Bd7 8. Qb3 c4 9. dxc4 Na5 10. Qc2 Nxc4 11. e3 {½-½ (40) Coimbra,J (1408)-Gasalho,M (1441) Luso 2018}) 5... Bd6 6. Bg2 {A00: Irregular Openings.} h6 7. Nf1 Be6 8. Nf3 {Black is slightly better.} Nc6 9. g5 hxg5 10. Nxg5 Qd7 11. Nxe6 Qxe6 (11... fxe6 $15 12. Bg5 Be7) 12. h4 O-O (12... e4 $11) 13. Qa4 (13. Bh3 $1 $14 Qe8 14. Bg5) 13... Rab8 14. Bh3 Qe7 15. Bg5 {With the idea Ne3.} b5 (15... e4 $11) 16. Qg4 (16. Qc2 $14) 16... Nxg4 $15 17. Bxe7 Bxe7 18. Bxg4 c4 19. Ne3 (19. Bf3 $11) 19... d4 20. Nd5 dxc3 21. bxc3 cxd3 {...f5 is the strong threat.} 22. exd3 b4 $2 (22... Rfd8 $17 23. Bf3 b4) 23. c4 $2 (23. Bd7 $16) 23... Bc5 24. Rg1 Rfd8 25. h5 Nd4 $36 {[%mdl 2048] aiming for ...Nc2+. Keeping White busy.} 26. Kd2 (26. Rb1 $142) 26... f5 ({Black should play} 26... Rd6 27. Rab1 Ra6) 27. Bd1 $17 Kf7 28. Ne3 (28. Rg6 $142) 28... Rd6 29. Rg3 (29. Rg5 $17) 29... f4 30. Rg5 fxe3+ 31. fxe3 {[#]} Nc6 (31... b3 $142 $1 {[%cal Rb3b2] And now ...b2 would win.} 32. axb3 Bb4+ 33. Kc1 Nc6) 32. Ba4 {[#]} (32. Bf3 $17 {is a better defense.}) 32... Rbd8 $1 $19 33. Bxc6 {Threatens to win with Bd5+.} Rxd3+ {[%mdl 64] Double Attack. Accuracy: White = 45%, Black = 59%.} 0-1

[Event "Stay Safe Play From Home 313"]
[Site "Emanuel Lasker Arena"]
[Date "2020.07.19"]
[Round "9"]
[White "Buzaglo"]
[Black "Trotsky"]
[Result "1-0"]
[WhiteElo "1857"]
[BlackElo "1589"]
[Annotator "NA RC"]
[PlyCount "41"]
[EventDate "2020.07.19"]
[EventType "swiss (blitz)"]

1. d4 {[%emt 0:00:01]} d5 {[%emt 0:00:01]} 2. Nf3 {[%emt 0:00:00]} e6 {[%emt 0:00:00]} 3. g3 {[%emt 0:00:00]} c5 {[%emt 0:00:01]} 4. Bg2 {[%emt 0:00:00]} Nc6 {[%emt 0:00:01]} 5. O-O {[%emt 0:00:00]} Bd6 {[%emt 0:00:01]} 6. dxc5 {[%emt 0:00:01]} Bxc5 {[%emt 0:00:01]} 7. c4 {[%emt 0:00:00]} Nf6 {[%emt 0:00:01]} 8. cxd5 {[%emt 0:00:01]} exd5 {[%emt 0:00:01]} 9. Nc3 {[%emt 0:00:00]} Be6 {[%emt 0:00:01]} 10. Bg5 {[%emt 0:00:01]} a6 {[%emt 0:00:01]} 11. Bxf6 {[%emt 0:00:00]} gxf6 {[%emt 0:00:01]} 12. Rc1 {[%emt 0:00:00]} Qc7 {[%emt 0:00:01]} 13. Na4 {[%emt 0:00:01]} Bd6 {[%emt 0:00:02]} 14. Nd4 {[%emt 0:00:02]} O-O-O {[%emt 0:00:02]} 15. Nc5 {[%emt 0:00:01]} Bd7 {[%emt 0:00:07]} 16. Nxd7 {[%emt 0:00:01]} Kxd7 {[%emt 0:00:02]} 17. Bxd5 {[%emt 0:00:02]} h5 {[%emt 0:00:02]} 18. h4 {[%emt 0:00:01]} Bxg3 {[%emt 0:00:02]} 19. Bxc6+ {[%emt 0:00:01]} Kc8 {[%emt 0:00:04]} 20. Bg2 {[%emt 0:00:03]} Rhg8 {[%emt 0:00:03]} 21. fxg3 {[%emt 0:00:02] Trotsky Ñäàåòñÿ (Lag: Av=0.40s, max=0.6s)} 1-0

[Event "Stay Safe Play From Home 313"]
[Site "Emanuel Lasker Arena"]
[Date "2020.07.19"]
[Round "9"]
[White "Justwatch"]
[Black "NeatFox"]
[Result "1-0"]
[WhiteElo "1632"]
[BlackElo "1868"]
[Annotator "NA RC"]
[PlyCount "101"]
[EventDate "2020.07.19"]
[EventType "swiss (blitz)"]

1. e4 {[%emt 0:00:03]} b6 {[%emt 0:00:00]} 2. Nf3 {[%emt 0:00:02]} c5 {[%emt 0:00:00]} 3. Nc3 {[%emt 0:00:01]} Bb7 {[%emt 0:00:00]} 4. Bb5 {[%emt 0:00:01]} Nc6 {[%emt 0:00:02]} 5. Be2 {[%emt 0:00:00]} g6 {[%emt 0:00:01]} 6. d3 {[%emt 0:00:00]} Bg7 {[%emt 0:00:00]} 7. Bg5 {[%emt 0:00:01]} Nf6 {[%emt 0:00:01]} 8. e5 {[%emt 0:00:01]} Ng8 {[%emt 0:00:02]} 9. O-O {[%emt 0:00:01]} Bh6 {[%emt 0:00:01]} 10. Bxh6 {[%emt 0:00:01]} Nxh6 {[%emt 0:00:01]} 11. Re1 {[%emt 0:00:00]} Ng4 {[%emt 0:00:01]} 12. h3 {[%emt 0:00:01]} Ngxe5 {[%emt 0:00:01]} 13. Ng5 {[%emt 0:00:00]} h6 {[%emt 0:00:04]} 14. f4 {[%emt 0:00:02]} hxg5 {[%emt 0:00:01]} 15. fxe5 {[%emt 0:00:00]} Nxe5 {[%emt 0:00:00]} 16. Bg4 {[%emt 0:00:01]} Nxg4 {[%emt 0:00:01]} 17. Qxg4 {[%emt 0:00:00]} e6 {[%emt 0:00:03]} 18. Rf1 {[%emt 0:00:02]} f5 {[%emt 0:00:02]} 19. Qg3 {[%emt 0:00:02]} Qc7 {[%emt 0:00:00]} 20. Qe3 {[%emt 0:00:01]} Qc6 {[%emt 0:00:01]} 21. Rf2 {[%emt 0:00:02]} Rh5 {[%emt 0:00:02]} 22. Re1 {[%emt 0:00:02]} g4 {[%emt 0:00:01]} 23. Qg3 {[%emt 0:00:02]} gxh3 {[%emt 0:00:01]} 24. gxh3 {[%emt 0:00:00]} Rh6 {[%emt 0:00:02]} 25. Rg2 {[%emt 0:00:02]} O-O-O {[%emt 0:00:02]} 26. Ree2 {[%emt 0:00:02]} Rdh8 {[%emt 0:00:03]} 27. Rh2 {[%emt 0:00:02]} Rh4 {[%emt 0:00:02]} 28. a4 {[%emt 0:00:04]} a6 {[%emt 0:00:04]} 29. Qe5 {[%emt 0:00:02]} Rxh3 {[%emt 0:00:02]} 30. Rxh3 {[%emt 0:00:01]} Rxh3 {[%emt 0:00:01]} 31. Kf2 {[%emt 0:00:00]} Rh2+ {[%emt 0:00:01]} 32. Ke1 {[%emt 0:00:01]} Rxe2+ {[%emt 0:00:00]} 33. Kxe2 {[%emt 0:00:01]} Qg2+ {[%emt 0:00:01]} 34. Ke3 {[%emt 0:00:01]} Qg1+ {[%emt 0:00:01]} 35. Kf4 {[%emt 0:00:01]} Qf2+ {[%emt 0:00:01]} 36. Kg5 {[%emt 0:00:01]} Qg2+ {[%emt 0:00:01]} 37. Kf6 {[%emt 0:00:01]} Bc6 {[%emt 0:00:01]} 38. Qd6 {[%emt 0:00:03]} g5 {[%emt 0:00:01]} 39. Qf8+ {[%emt 0:00:02]} Kc7 {[%emt 0:00:01]} 40. d4 {[%emt 0:00:03]} cxd4 {[%emt 0:00:01]} 41. Na2 {[%emt 0:00:01]} Qd5 {[%emt 0:00:02]} 42. Nb4 {[%emt 0:00:00]} Qd6 {[%emt 0:00:02]} 43. Nxa6+ {[%emt 0:00:02]} Kb7 {[%emt 0:00:02]} 44. Qxd6 {[%emt 0:00:02]} Kxa6 {[%emt 0:00:00]} 45. Qxd4 {[%emt 0:00:01]} Kb7 {[%emt 0:00:01]} 46. Qd3 {[%emt 0:00:00]} Bd5 {[%emt 0:00:00]} 47. Qe3 {[%emt 0:00:00]} Kc6 {[%emt 0:00:00]} 48. Qe5 {[%emt 0:00:00]} d6 {[%emt 0:00:00]} 49. Qc3+ {[%emt 0:00:00]} Bc4 {[%emt 0:00:01]} 50. Qxc4+ {[%emt 0:00:01]} Kd7 {[%emt 0:00:00]} 51. Qc8+ {[%emt 0:00:00] Zeit (Lag: Av=0.55s, max=1.0s)} 1-0